プロ野球 2025年 サヨナラホームランを打った選手 - Statistics

General Stats
  • This quiz has been taken 34 times
  • The average score is 10 of 14
Answer Stats
Answer % Correct
森下 翔太
93%
郡司 裕也
83%
レイエス
83%
村上 宗隆
76%
中川 圭太
72%
若月 健矢
69%
赤羽 由紘
69%
田宮 裕涼
66%
頓宮 裕真
66%
武岡 龍世
62%
小郷 裕哉
62%
田村 俊介
59%
廣岡 大志
59%
野口 智哉
41%
No matching quizzes found
Score Distribution
Percent of People with Each Score
Percentile by Number Answered
Your Score History
You have not taken this quiz